Learn Chinese With Me Book 1 Vocabulary - Statistics

General Stats
  • This quiz has been taken 21 times
    19 since last reset
  • The average score is 93 of 312
Answer Stats
English 英文 Chinese 中文 % Correct
big
93%
Dad; father 爸爸
86%
he
86%
Beijing 北京
79%
eat; have
79%
she
79%
I; me
79%
younger brother 弟弟
71%
and
71%
today 今天
71%
you
71%
China 中国
71%
yes; that's right
64%
good OR ok; all right
64%
call; name
64%
mom; mother 妈妈
64%
it
64%
they; them (male) 他们
64%
they; them (female) 她们
64%
we; us 我们
64%
a little; a bit; some (一)点(儿)
57%
many; much
57%
elder brother 哥哥
57%
very
57%
elder sister 姐姐
57%
teacher 老师
57%
two
57%
tomorrow 明天
57%
friend 朋友
57%
small; little
57%
learn; study
57%
Chinese {language} 中文
57%
yesterday 昨天
57%
half
50%
wait (for)
50%
both; all
50%
drink
50%
home
50%
younger sister 妹妹
50%
man
50%
you (plual) 你们
50%
milk 牛奶
50%
go
50%
hot
50%
what 什么
50%
be (is/am/are)
50%
night; evening 晚上
50%
like 喜欢
50%
thank 谢谢
50%
doctor 医生
50%
music 音乐
50%
swim 游泳
50%
have
50%
see you; good-bye 再见
50%
this
50%
white 白色
43%
don't
43%
not bad 不错
43%
all, everybody 大家
43%
o'clock 点(钟)
43%
east
43%
the French language 法语
43%
happy; glad; cheerful 高兴
43%
measure word {people and many other things}
43%
dog
43%
black 黑色
43%
red 红色
43%
buy
43%
not to have; don't have 没有
43%
every day 每天
43%
bread 面包
43%
name 名字
43%
next year 明年
43%
that
43%
(paternal) grandmother 奶奶
43%
polite form of "you" (singular)
43%
birthday 生日
43%
who
43%
year (of age)
43%
day
43%
listen (to)
43%
now 现在
43%
student 学生
43%
measure word {packet, pouch, or bag}
36%
you're welcome 不客气
36%
long
36%
wear 穿
36%
spring 春天
36%
play {a sport}
36%
movie 电影
36%
thing; stuff 东西
36%
how much; how many 多少
36%
very 非常
36%
wind
36%
with
36%
welcome 欢迎
36%
yellow 黄色
36%
dumpling 饺子
36%
holiday; festival
36%
think; feel 觉得
36%
see; look at; watch
36%
can; may {okay} 可以
36%
measure word {"for the number of family members"}
36%
happy; joyous 快乐
36%
come
36%
blue 蓝色
36%
cold
36%
in; inside
36%
cat
36%
which
36%
particle word ("used at the end of an interrogative sentence [...] referring to the same content mentioned" previously)
36%
jogging 跑步
36%
money
36%
chocolate 巧克力
36%
person; people
36%
few; little
36%
candy
36%
classmate 同学
36%
west 西部
36%
afternoon 下午
36%
New Year 新年
36%
day of the week 星期
36%
school 学校
36%
want; would like (to)
36%
also; too
36%
use
36%
morning 早上
36%
particle word {used to soften the tone}
29%
match; contest; competition 比赛
29%
else; other; another 别的
29%
winter 冬天
29%
give
29%
number in a series OR date
29%
the day after tomorrow 后天
29%
can {have the ability to}
29%
how many
29%
drive {a vehicle} 开车
29%
maybe; perhaps 可能
29%
but; however 可是
29%
basketball 篮球
29%
present; gift 礼物
29%
busy
29%
where {listed twice; I accept either} 哪儿;哪里
29%
pretty 漂亮
29%
get up 起床
29%
wallet; purse 钱包
29%
may I ask? 请问
29%
fall {autumn} 秋天
29%
last year 去年
29%
Japan 日本
29%
if 如果
29%
match; contest; competition
29%
health; body 身体
29%
go to bed; sleep 睡觉
29%
soup
29%
weather 天气
29%
head
29%
hair 头发
29%
outside 外面
29%
play
29%
why 为什么
29%
problem 问题
29%
rain 下雨
29%
summer 夏天
29%
(paternal) grandfather 爷爷
29%
together 一起
29%
clothes 衣服
29%
because 因为
29%
month
29%
most; least; best; to the highest or lowest degree
29%
left
29%
particle word {used to indicate command}
21%
pizza 比萨饼
21%
often 常常
21%
from
21%
plan (to); be going to 打算
21%
Big Yellow (usually a name for a dog or a cat) 大黄
21%
take/bring/carry...with sb.
21%
worry 担心
21%
cake 蛋糕
21%
certainly; of course 当然
21%
arrive
21%
particle word {used to indicate possession; other uses}
21%
(business) store, shop (商)店
21%
how old 多大
21%
and; as well; also; too
21%
or 还是
21%
box
21%
egg 鸡蛋
21%
holiday; red-letter day 节日
21%
a quarter of an hour 刻(钟)
21%
a surname {lit. forest} 林(老师)
21%
green 绿色
21%
particle word {indicates yes/no question}
21%
every time 每次
21%
suffix {plural}
21%
time 时间
21%
matter; affair; thing; business
21%
specially {especially} 特别
21%
mister; sir; gentleman 先生
21%
rest 休息
21%
color 颜色
21%
medicine
21%
beverage 饮料
21%
swimming pool 游泳池
21%
some 有的
21%
right {direction} {listed twice; I accept either} 右,右边
21%
umbrella 雨伞
21%
measure word {money/currency}
21%
sports 运动
21%
how {listed twice; I accept either} 怎么;怎么样
21%
here 这里
21%
high school student {or middle school student} 中学生
21%
live; reside
21%
purple 紫色
21%
take part in; participate in 参加
14%
grassland 草地
14%
orange {color} 橙色
14%
(of glasses, hates) wear
14%
prefix {used for counting numbers: first, second, etc.}
14%
American football 橄榄球
14%
seaside; beach 海边
14%
number 号码
14%
butter 黄油
14%
teach
14%
coach; instructor 教练
14%
often 经常
14%
hold (a meeting, ceremony, etc.) 举行
14%
[measure word] {"used of grains and grain-like things"}
14%
chewing gum 口香糖
14%
lump; piece
14%
measure word {vehicles}
14%
neighbor 邻居
14%
right away 马上
14%
Mary 玛丽
14%
climb
14%
bottle
14%
busy; bustling 热闹
14%
mountain; hill
14%
upper part 上面
14%
be well; comfortable 舒服
14%
send; deliver
14%
ache; hurt
14%
leg
14%
lower part 下面
14%
a person's name, literally "drizzle" 小雨
14%
headmaster; principal; (university or college) president 校长
14%
will do; be all right {approved; okay}
14%
to be surnamed; surname
14%
tooth
14%
if 要是
14%
should 应该
14%
raincoat 雨衣
14%
be OR (indicating where a person or thing is)
14%
terrible; too bad 糟糕
14%
to find; to look for OR give change
14%
walk; get (to)
14%
recently; lately 最近
14%
Emily 艾米丽
7%
Cypress Street 柏树街
7%
baseball 棒球
7%
license plate 车牌
7%
The Spring Festival (Chinese Lunar New Year) 春节
7%
sea; ocean 大海
7%
David 大卫
7%
get; gain; win {other meanings as well}
7%
do exercises 锻炼
7%
a set of {measure word}
7%
pair; set {measure word}
7%
Thanksgiving Day 感恩节
7%
do
7%
(of wind) blow 刮(风)
7%
turn; change direction
7%
disks; CDs 光盘
7%
jam {jelly} 果酱
7%
celebrate the New Year or the Spring Festival 过年
7%
examine; check 检查
7%
piece {measure word; as in "a piece of clothing"}
7%
Jack 杰克
7%
cheering squad 啦啦队
7%
cool {temperature} 凉快
7%
crossing; junction; intersection 路口
7%
bright 明亮
7%
dark glasses; sunglasses 墨镜
7%
special purchases for the Spring Festival 年货
7%
match; go well with
7%
dress {skirt} 裙子
7%
mountainous area; mountains 山区
7%
time; moment {hour} 时候
7%
recieve; get 收到
7%
summer vacation 暑假
7%
tree 树木
7%
bowl
7%
Wang Jiaming {a name} 王家明
7%
tennis 网球
7%
hello {used when answering the telephone}
7%
Vancouver 温哥华
7%
to; towards
7%
money given to children as a lunar New Year gift 压岁钱
7%
appearance; look 样子
7%
altogether {total} 一共
7%
once {a bit; a moment} 一下儿
7%
afterwards; after; later 以后
7%
a bit; rather 有点儿
7%
sports ground; playground 运动场
7%
sports meet 运动会
7%
sportsman; sportswoman; athlete; player 运动员
7%
measure word {flat objects}
7%
Chicago 芝加哥
7%
kind; sort; type
7%
offer good wishes; wish
7%
spend (holidays)
0%
No matching quizzes found
Score Distribution
Percent of People with Each Score
Percentile by Number Answered
Your Score History
You have not taken this quiz since the last reset